000 00490 a2200181 4500
003 OSt
005 20231208120231.0
008 231208b |||||||| |||| 00| 0 eng d
020 _a9789354821967
040 _coclc
082 _a894.8123
_bDEE/W
100 _aDeepa, V.K.
_910095
245 _aWoman Eaters /
_cV.K. Deepa
250 _a4th ed.
260 _aKottayam:
_bD C Books,
_c2023.
300 _a160p.
942 _2ddc
_cBK
_h894.8123
_iDEE/W
_k894.8123
_mDEE/W
999 _c44056
_d44056